Bengal, 1920-1947 / (Record no. 137097)
[ view plain ]
| 000 -LEADER | |
|---|---|
| fixed length control field | 00740nam a22002297a 4500 |
| 010 ## - LIBRARY OF CONGRESS CONTROL NUMBER | |
| LC control number | A-710387 |
| 020 ## - INTERNATIONAL STANDARD BOOK NUMBER | |
| Terms of availability | 100.00 |
| 035 ## - SYSTEM CONTROL NUMBER | |
| System control number | A-710387 |
| 037 ## - SOURCE OF ACQUISITION | |
| Source of stock number/acquisition | Cen Lib / Ret |
| 040 ## - CATALOGING SOURCE | |
| Original cataloging agency | DPL |
| Language of cataloging | EN |
| 082 ## - DEWEY DECIMAL CLASSIFICATION NUMBER | |
| Classification number | 954.52 |
| Item number | CHA |
| 100 ## - MAIN ENTRY--PERSONAL NAME | |
| Personal name | Chatterjee, Partha |
| 245 ## - TITLE STATEMENT | |
| Title | Bengal, 1920-1947 / |
| Statement of responsibility, etc | by Partha Chatterjee |
| 260 ## - PUBLICATION, DISTRIBUTION, ETC. (IMPRINT) | |
| Place of publication, distribution, etc | Calcutta |
| Name of publisher, distributor, etc | Published for Centre for Studies in Social Sciences [by] K.P. Bagchi |
| Date of publication, distribution, etc | 1984 |
| 270 ## - ADDRESS | |
| Address | 204/1 Barrackpore Trunk Road |
| City | Calcutta |
| Postal code | 700035 |
| 300 ## - PHYSICAL DESCRIPTION | |
| Extent | (v 1. lvi, 276p) |
| Dimensions | 27cm(Hb) |
| 490 ## - SERIES STATEMENT | |
| Series statement | CSSSC monograph |
| Volume number/sequential designation | 4 |
| 650 ## - SUBJECT ADDED ENTRY--TOPICAL TERM | |
| Topical term or geographic name as entry element | Bengal (India) -- Politics and government. |
| 650 ## - SUBJECT ADDED ENTRY--TOPICAL TERM | |
| Topical term or geographic name as entry element | Politics and government |
| 650 ## - SUBJECT ADDED ENTRY--TOPICAL TERM | |
| Topical term or geographic name as entry element | India -- Bengal. |
| 942 ## - ADDED ENTRY ELEMENTS (KOHA) | |
| Source of classification or shelving scheme | Dewey Decimal Classification |
| Koha item type | English Books |
| Classification part | 954.52 |
| Call number suffix | CHA |
| Withdrawn status | Lost status | Materials specified (bound volume or other part) | Damaged status | Not for loan | Home library | Current library | Date acquired | Source of acquisition | Total Checkouts | Full call number | Barcode | Date last seen | Copy number | Price effective from | Koha item type |
|---|---|---|---|---|---|---|---|---|---|---|---|---|---|---|---|
| v 1 | Central Library | Central Library | 16/03/2016 | Cen Lib/Ret | 954.52 CHA | A-710387 | 16/03/2016 | 1 | 16/03/2016 | English Books |
